| 000 -LEADER |
| fixed length control field |
00496nam a22001577a 4500 |
| 008 - FIXED-LENGTH DATA ELEMENTS--GENERAL INFORMATION |
| fixed length control field |
210102b ||||| |||| 00| 0 eng d |
| 020 ## - INTERNATIONAL STANDARD BOOK NUMBER |
| International Standard Book Number |
9788121926447 |
| 082 ## - DEWEY DECIMAL CLASSIFICATION NUMBER |
| Classification number |
658.202 |
| Item number |
SRI |
| 100 ## - MAIN ENTRY--PERSONAL NAME |
| Personal name |
Srivastava, Sushil Kumar |
| 245 ## - TITLE STATEMENT |
| Title |
Maintenance engineering and management (Industrial maintenance management) |
| 260 ## - PUBLICATION, DISTRIBUTION, ETC. (IMPRINT) |
| Place of publication, distribution, etc |
New Delhi |
| Name of publisher, distributor, etc |
S. chand and company pvt. ltd. |
| Date of publication, distribution, etc |
2013 |
| 300 ## - PHYSICAL DESCRIPTION |
| Extent |
xvi, 302p. |
| Other physical details |
Pbc |
| 650 ## - SUBJECT ADDED ENTRY--TOPICAL TERM |
| Topical term or geographic name as entry element |
Total productive maintenance |
| 650 ## - SUBJECT ADDED ENTRY--TOPICAL TERM |
| Topical term or geographic name as entry element |
Condition monitoring |
| 942 ## - ADDED ENTRY ELEMENTS (KOHA) |
| Item type |
Books |